La Memòria històrica de la corporació a l'abast de la ciutadania / Ethel Paricio
Publicado:
DBI, núm. 83 (estiu 2011), pàg. 8 - 11 :
Descripción Física:
il. ; 27 cm
MARC
| LEADER | 00000nam a2200000Ia 4500 | ||
|---|---|---|---|
| 001 | 23161 | ||
| 008 | 160829s9999 xx 000 0 cat d | ||
| 080 | |a Revistes | ||
| 100 | |a Paricio, Ethel |9 45006 | ||
| 245 | |a La Memòria històrica de la corporació a l'abast de la ciutadania / Ethel Paricio | ||
| 260 | |a DBI, núm. 83 (estiu 2011), pàg. 8 - 11 | ||
| 300 | |a il. ; |c 27 cm | ||
| 590 | |a Secció de la revista: Entrevista. | ||
| 590 | |a Entrevista a Fina Solà i Quin Coll | ||
| 650 | |a Barcelona. Diputació |x Història Barcelona. Diputació |x Fons documentals |9 45007 | ||
| 650 | |a Arxiu General de la Diputació de Barcelona | ||
| 700 | |a Solà i Gasset, Fina |9 45008 | ||
| 700 | |a Coll i Amargós, Joaquim |9 2686 | ||
| 710 | 1 | |a Arxiu General de la Diputació de Barcelona |9 52704 | |
| 901 | |a Arxiu | ||
| 942 | |n 1 | ||
| 952 | |0 0 |1 0 |4 0 |6 REVISTES |7 1 |9 52313 |a Arxiu |b Arxiu |d 2016-12-01 |l 0 |o Revistes |p 23161 |r 2016-12-01 00:00:00 |w 2016-12-01 |y ARXIU | ||
| 999 | |c 56161 |d 56161 | ||